| 000 | 00998nam a2200373 4500 | ||
|---|---|---|---|
| 005 | 20241209144929.0 | ||
| 008 | 210819b xxu||||| |||| 00| 0 spa d | ||
| 020 | _a9786071727862 | ||
| 041 | _aspa | ||
| 082 | _a658.401 M281c | ||
| 100 | _aMann, David | ||
| 245 | _aCreación de una cultura Lean | ||
| 260 | _aMéxico | ||
| 260 | _bTrillas | ||
| 260 | _c2017 | ||
| 300 | _a268 páginas | ||
| 650 | _aADMINISTRACIÓN | ||
| 650 | _aEFICIENCIA INDUSTRIAL | ||
| 650 | _aORGANIZACIÓN | ||
| 650 | _aINDUSTRIA | ||
| 650 | _aADMINISTRACIÓN SIMPLIFICADA | ||
| 650 | _aLIDERAZGO | ||
| 650 | _aLEAN | ||
| 650 | _aSISTEMA DE ADMINISTRACIÓN | ||
| 650 | _aESTÁNDARES DE ADMINISTRACIÓN EFICIENTE | ||
| 650 | _aCONTROLES VISUALES | ||
| 650 | _aPROCESO DE RENDICIÓN DE CUENTAS | ||
| 650 | _aPROCESO DE FABRICACIÓN | ||
| 650 | _aCADENAS DE VALOR | ||
| 650 | _aGOBERNABILIDAD ORGANIZACIONAL | ||
| 650 | _aSOLUCIÓN DE PROBLEMAS | ||
| 942 |
_cBK _2ddc |
||
| 999 |
_c13156 _d13156 |
||